Vnutrenjaja forma slova v aspekte formirovanija lingvokulturologiceskoj kompetencii (inostrannogo studenta)

Salvato in:
Dettagli Bibliografici
Autore principale: Markova, Elena Michajlovna, 1960-
Natura: Capitolo di libro
Lingua:russo
Soggetti:
Tags: Aggiungi Tag
Nessun Tag, puoi essere il primo ad aggiungerne!!

MARC

LEADER 00000naa$a2200000$$$4500
001 0308243
005 20250423125511.6
041 0 |a rus 
044 |a RU 
245 1 0 |a Vnutrenjaja forma slova v aspekte formirovanija lingvokulturologiceskoj kompetencii (inostrannogo studenta)  |c Elena Michajlovna Markova 
610 2 0 |a jazykoveda 
610 2 0 |a jazyky cudzie 
610 2 0 |a ruština 
100 1 |a Markova, Elena Michajlovna, 1960-